000 00840nam a2200277Ia 4500
003 OSt
005 20220912144856.0
006 a|||||r|||| 00| 0
007 ta
008 220909b |||||||| |||| 00| 0 eng d
024 _a73108
037 _cTextual
040 _aCSL
_beng
_cCSL
041 _aeng
082 _aD65,8(B)0aB2-316, M9
100 _aEhrig H Ed.
245 0 _aCategorical methods in computer science: With aspects from topology
260 _aBerlin
_bSpringer-Verlag
_c1989
300 _a350p.
_ccm.
490 _aLecture notes in computer science; 393
650 _aMathematical computer science
700 _a Herrlich H Ed.
700 _a Kreowski H J Ed.
942 _hD65,8(B)0aB2-316, M9
_cTEXL
_2CC
999 _c17942
_d17942